00858 a2200157 45000010006000000050017000060080041000230030015000640400040000790800056001192450077001752640032002525050383002840410008006671000025006755406720260407155811.0260407a arg spa d AR-UNSa-BCEJYS aAR-UNSa-BCEJYSbspacAR-UNSa-BCEJYS a332.1xEconomía regional. Economía territorial 10aCuentas sociales y sistema regional Argentinoptécnicas y aplicaciones 1aBuenos Aires :bEl Coloquio a1. Las cuentas sociales y su aplicación en el ámbito regional – 2. Producto, ingreso y gasto regional definiciones y métodos de relevamiento – 3. Multiplicadores regionales – 4. Insumo producto regional e interregional – 5. Balances regionales comerciales y de pagos, matrices de migraciones humanas – 6. Índices de concentración y dispersión geográfica. aspa1 aRofman, Alejandro B.